New directions in two-year college mathematics
Bewaard in:
| Hoofdauteurs: | , , |
|---|---|
| Formaat: | Boek |
| Taal: | Engels |
| Gepubliceerd in: |
Nueva York
Springer-Verlag
1985
|
| Onderwerpen: | |
| Tags: |
Voeg label toe
Geen labels, Wees de eerste die dit record labelt!
|
MARC
| LEADER | 00000nam a2200000 a 4500 | ||
|---|---|---|---|
| 001 | UCP2609 | ||
| 003 | CL-VaPUC | ||
| 005 | 20240705074028.0 | ||
| 008 | 990520e19850000us 1 eng d | ||
| 082 | 0 | 4 | |a 510.7 |b ALB |2 21 |
| 100 | 1 | |a Albers, Donald J |e author |9 619466 | |
| 700 | 1 | |a Rodi, Stophen B |e author |9 619467 | |
| 700 | 1 | |a Watkins, Ann E |e author |9 619468 | |
| 245 | 1 | 0 | |a New directions in two-year college mathematics |
| 260 | |a Nueva York |b Springer-Verlag |c 1985 | ||
| 300 | |a 491 p | ||
| 583 | |a last modification |c 19990520 00:00:00 |k Rodrigo Vera | ||
| 650 | 0 | 0 | |a Matemáticas |x Enseñanza |9 875527 |
| 650 | 0 | 0 | |a Educación superior |9 223851 |
| 650 | 0 | 0 | |a Congresos |9 257560 |
| 651 | 0 | |a Estados Unidos |9 255178 | |
| 942 | |c BK | ||
| 945 | |a crobeson |d 19990520 00:00:00 | ||
| 546 | |a En Inglés | ||
| 536 | |a Alfred P. Sloan Foundation | ||
| 518 | |p New Directions in Two-Year College Mathematics, Atherton, 11 al 14 de julio de 1984 | ||
| 999 | |c 383414 |d 383412 | ||
| 952 | |0 0 |1 0 |4 0 |6 510_700000000000000_ALB_1985 |7 0 |8 A |9 505523 |a BIBMAT |b BIBMAT |d 2020-01-23 |i 1346113 |o 510.7 ALB 1985 |p 1346113 |r 2025-01-07 |w 2020-01-23 |y BK |k MAT | ||